| 000 | 00747nam a2200229Ia 4500 | ||
|---|---|---|---|
| 008 | 191130s1998##################000#0#eng## | ||
| 020 | _a9781558603691 | ||
| 022 | _a97042600 | ||
| 040 |
_aACL _cACL |
||
| 082 | _a006.7 GIB | ||
| 100 | _aGibson, Jerry D | ||
| 245 |
_aDigital compression for multimedia : principles and standards _cJerry D. Gibson ... [et al.] |
||
| 260 |
_aSan Francisco, Calif _bMorgan Kaufmann Publishers _cc1998 |
||
| 300 | _axvii, 476 p. : ill. ; 25 cm | ||
| 500 | _aIncludes bibliographical references (p. [437]-446) and index | ||
| 650 | _aImage compression | ||
| 650 | _aMultimedia systems | ||
| 650 | _aVideo compression | ||
| 990 | _a955a9a41ac10000c720b06aed8bec82f | ||
| 991 | _a432220 | ||
| 999 |
_c150095 _d150095 |
||